000 00504nam a2200193 a 4500
001 16089
003 CO-ViMGA
008 141112s2004 ck r 000 u spa d
020 _a9586149064
040 _aCO-ViMGA
_bspa
_cCO-ViMGA
082 0 4 _aU863.6 B353t
100 1 _aBenedetti, Mario
_923020
245 1 0 _aLa Tregua
260 _aBogotá :
_bPlaneta Colombiana s.a.2000
300 _a225.p.
590 _aForma de adquisición : Premio - Mincultura
650 1 4 _aNOVELA URUGUAYA
942 _2ddc
_cBK
999 _c26018
_d26018